| 000 | 00711nam a2200277Ia 4500 | ||
|---|---|---|---|
| 003 | OSt | ||
| 005 | 20221007112211.0 | ||
| 006 | a|||||r|||| 00| 0 | ||
| 007 | ta | ||
| 008 | 221006b |||||||| |||| 00| 0 eng d | ||
| 024 | _a25,353 | ||
| 037 | _cTextual | ||
| 040 |
_aLCO _cLCO _beng |
||
| 041 |
_2eng _aeng |
||
| 082 | _aZ2,9298, P7 | ||
| 100 | _aJain M.P | ||
| 245 | 0 | _aPrinciples of Administrative Law | |
| 250 | _a6th | ||
| 260 |
_aNagpur _bWadhwa and Company Nagpur India _c2007 |
||
| 300 | _a1227+64+2595+64 | ||
| 490 | _v1 | ||
| 650 | _aADMINISTRATIVE | ||
| 700 | _a Jain S.N | ||
| 942 |
_hZ2,9298, P7 _cTEXL |
||
| 999 |
_c1194916 _d1194916 |
||